000 00509nam a2200169Ia 4500
008 240729s9999 xx 000 0 und d
022 _a2688-4011
245 0 _aNano Select
260 _aGermany
260 _bWiley-VCH
650 _a Electrical engineering. Electronics. Nuclear engineering
650 _a Materials of engineering and construction. Mechanics of materials
650 _aTechnology
856 _uhttps://doaj.org/toc/603e114afb3c4def8c55f887811456e3
942 _2ddc
942 _cDOAJEJ
999 _c72717
_d72717
945 _a1
_bMadushi Gamage
_c1
_dMadushi Gamage